000 00591nam a2200241 a 4500
001 nice12345678
003 IN_TiNIC
005 20260116013941.0
008 050524s1993 chia grp 000 0 eng
020 _a0226278
_c808.5
082 0 0 _a241.2
_bBAL
100 _aBall, Milner S
245 _aWord and the Law
260 _aChicago
_bChicago University Press
_c1993
300 _a216p
500 _aincludes index and biblioraphy
505 2 _aNotes, Index
650 _aLaw and Gospel
700 1 _aBall, Milner S
902 _bSRS
942 _cBK
999 _c13234
_d13234